Nghệ thuật thơ ca

Nội dung sách trình bày cuộc đời và sáng tác của Aristote. Aristote bàn luận về nghệ thuật thơ ca.

שמור ב:
מידע ביבליוגרפי
מחבר ראשי: Aristotle
פורמט: ספר
שפה:Undetermined
יצא לאור: Hà Nội Lao Động 2007
נושאים:
תגים: הוספת תג
אין תגיות, היה/י הראשונ/ה לתייג את הרשומה!
Thư viện lưu trữ: Trung tâm Học liệu Trường Đại học Cần Thơ
LEADER 00734nam a2200217Ia 4500
001 CTU_176109
008 210402s9999 xx 000 0 und d
020 |c 20000 
082 |a 801 
082 |b A717 
100 |a Aristotle 
245 0 |a Nghệ thuật thơ ca 
245 0 |c Aristotle ; Lê Đăng Bảng,...[et al.] dịch 
260 |a Hà Nội 
260 |b Lao Động 
260 |c 2007 
520 |a Nội dung sách trình bày cuộc đời và sáng tác của Aristote. Aristote bàn luận về nghệ thuật thơ ca. 
650 |a Literature,Văn học 
650 |x Philosophy,Triết lý 
904 |i mai,Hải 
980 |a Trung tâm Học liệu Trường Đại học Cần Thơ